|
|
|
|
| LEADER |
00000nam0a2200000 4500 |
| 001 |
319568 |
| 005 |
20231102003207.0 |
| 035 |
|
|
|a (RuTPU)RU\TPU\book\345077
|
| 090 |
|
|
|a 319568
|
| 100 |
|
|
|a 20160603d1943 km y0rusy50 ca
|
| 101 |
0 |
|
|a rus
|
| 102 |
|
|
|a RU
|
| 105 |
|
|
|a y z 101zy
|
| 200 |
1 |
|
|a Проблемы анилинокрасочной химии
|e труды IV Совещания по вопросам анилинокрасочной химии и техники, 13-15 октября 1939 г.
|
| 210 |
|
|
|a Москва
|a Ленинград
|c Изд-во Академии наук СССР
|d 1940
|
| 215 |
|
|
|a 99 с.
|
| 320 |
|
|
|a Библиогр. в конце докл.
|
| 606 |
1 |
|
|a Анилино-красочное производство
|x Технохимический контроль
|2 stltpush
|3 (RuTPU)RU\TPU\subj\64495
|9 81380
|
| 610 |
1 |
|
|a научно-исследовательские работы
|
| 610 |
1 |
|
|a производственные процессы
|
| 610 |
1 |
|
|a рационализация
|
| 610 |
1 |
|
|a сырье
|
| 610 |
1 |
|
|a склады
|
| 610 |
1 |
|
|a органические соединения
|
| 610 |
1 |
|
|a цветность
|
| 610 |
1 |
|
|a крашение
|
| 610 |
1 |
|
|a совещания
|
| 675 |
|
|
|a 667.28(063)
|v 4
|
| 702 |
|
1 |
|a Порай-Кошиц
|b А. Е.
|4 340
|
| 712 |
0 |
2 |
|a Академия наук СССР (АН СССР)
|c (Ленинград/Москва)
|c (1925-1991)
|2 stltpush
|3 (RuTPU)RU\TPU\col\722
|
| 712 |
1 |
2 |
|a Проблемы анилинокрасочной химии
|c совещания
|e Москва
|f 1939
|4 570
|
| 801 |
|
1 |
|a RU
|b 63413507
|c 20160603
|
| 801 |
|
2 |
|a RU
|b 63413507
|c 20200131
|g RCR
|
| 942 |
|
|
|c BK
|